000 00897cam a2200301 a 4500
001 16636818
003 OSt
005 20230605110600.0
008 110204s2006 gh a 001 0 eng
010 _a 2011348029
020 _a9988550766
020 _a9988550766
040 _aDLC
_cDLC
_dDLC
042 _apcc
043 _af-gh---
082 _a328.667
_bAYE
100 1 _aAyensu, K. B.,
_d1921-1997.
245 1 4 _aThe evolution of parliament in Ghana /
_cK.B. Ayensu and S.N. Darkwa.
250 _aRev. ed.
260 _aLegon, Accra :
_bSub-Saharan Publishers,
_c2006.
300 _a171 p. :
_bill. ;
_c22 cm.
500 _aIncludes index.
610 1 0 _aGhana.
_bParliament
_xHistory.
700 1 _aDarkwa, S. N.
_q(Samuel Ntim),
_d1935-
906 _a7
_bcbc
_corigcop
_d3
_encip
_f20
_gy-gencatlg
942 _2ddc
_cBK
999 _c289
_d289